000 00565nam a2200181 a 4500
001 8519
003 CO-ViMGA
008 141112s2004 ck r 000 u spa d
040 _aCO-ViMGA
_bspa
_cCO-ViMGA
082 0 4 _a354.861 C65t
100 1 _aSamper Pizano, Ernesto
_98362
245 1 0 _aEl tiempo de la gente /
_cSamper Ernesto
260 _aBogotá,
_cPresidencia de la Republica,
_c1995
300 _a275 p.
650 1 4 _aColombia - PolĂ­tica Economica y social - 1994 - 1998
_98363
650 1 4 _aPlan de Desarrollo - Samper - informes
_98364
942 _2ddc
_cBK
999 _c20178
_d20178